000 00297nam a2200133Ia 4500
008 260604s9999 xx 000 0 und d
020 _a9780141396460
082 _a822.33 SHA
100 _aWilliam shakespeare
_935939
245 0 _aKing Lear.
260 _bPenguin
500 _aKing
942 _cBK
999 _c8779
_d8779